000 01073cam a2200337 a 4500
001 11822719
003 Nust
005 20210306173044.0
008 990616s1999 pk b 001 0 eng
010 _a 99921836
020 _z96940723201
025 _aP-E-99921836; 10; 11
035 _a(DLC) 99921836
038 _aa
040 _aDLC
_cDLC
_dDLC
042 _alcode
043 _ad------
050 0 0 _aHC59.7
_b.N3135 1999
082 0 0 _a338.9/009172/4
_221
100 1 _aNasir, A. S.,
_d1928-
_935858
245 1 0 _aPlanning, strategy and strategic measures for development /
_cA.S. Nasir.
260 _aKarachi :
_bRoyal Book Co.,
_c1999.
300 _axxii, 465 p. ;
_c23 cm.
504 _aIncludes bibliographical references (p. [444]-461) and index.
563 _aH.B
650 0 _aEconomic development.
_96798
651 0 _aDeveloping countries
_xEconomic policy.
_97332
906 _a7
_bcbc
_corigode
_d3
_encip
_f19
_gy-gencatlg
942 _2ddc
_cBK
999 _c3700
_d3700